| 000 | 00393 a2200157 4500 | ||
|---|---|---|---|
| 001 | 181668 | ||
| 020 | _a | ||
| 040 | _cMagnum | ||
| 100 | _aLima, Reginaldo Naves de Souza | ||
| 240 | 1 | 0 |
_aAtividades matematicas que educam - livro 3 _lpor |
| 245 | 1 | 0 | _aAtividades matematicas que educam - livro 3 |
| 362 | 0 | _a1899 | |
| 440 | 1 | _aDimensão | |
| 697 | _aMAGNITO: PARADIDATICO | ||
| 942 | _cBK | ||
| 999 |
_c181668 _d181668 |
||